000 01338nam0a22002891 4500
001 rc\606220
005 20250621181833.0
035 _a(NLR Aleph) 005850310
090 _a5771753
_c5771753
100 _a20031121d1986 |||y0rusy50 ca
101 0 _arus
102 _aRU
105 _ay |||||||||
200 1 _aСовременное состояние океанографических исследований для долгосрочного прогноза погоды
_f[С.С. Лапко, К.М. Селеменов, С.К. Гулев]
210 _aОбнинск
_cИнформ. центр ВНИИГМИ-МЦД
_d1986
215 _a32 с.
_d20
225 1 _aГидрометеорология
_hСерия 37.25
_iОкеанология
_eОбзор. информ.
_fВНИИ гидрометеорол. информ. - Мировой центр данных
_vВып. 2
300 _aВ надзаг. также: Гос. ком. СССР по гидрометеорологии и контролю природ. среды
320 _aБиблиогр.: с. 24-31
700 1 _aЛаппо
_bС.С.
_gСергей Сергеевич
701 1 _aСелеменов
_bК.М.
701 1 _aГулев
_bС.К.
801 0 _aRU
_bNLR
_gpsbo
801 1 _aRU
_bELAR
_2rusmarc
852 _aNLR
_jП7/1937
942 _cBOOK
980 _aNB